000 005220000a22001450004500
020 _a978-0-311-03129-0
082 0 4 _aG 222.4 C7325c
245 1 0 _aComentario bíblico mundo hispano : 1 Samuel , 2 Samuel y 1 Crónicas / Editores generales : Daniel Carro , José Tomás Poe , Rubén O. Zorzilio
260 _aEl Paso, Tx. : Mundo Hispano
300 _a436 p.
440 0 _aCol. Mundo Hispano no. 03129
650 1 4 _aBIBLIA A.T. - SAMUEL - COMENTARIOS \ BIBLIA A.T. - CRONICAS - COMENTARIOS
001 18018
942 _cBK
999 _c44511
_d44511